000
00317nam a2200133Ia 4500
005
20260328101445.0
008
260328s9999||||xx |||||||||||||| ||und||
100
_a
Ortega, José
245
0
_a
La Deshumanización del Arte /
_c
José Ortega
260
_b
El Arquero
300
_a
209 p.
650
_a
ARTE
942
_c
BK
999
_c
8430
_d
8430